Infektionsprophylaxe im Strafvollzug: eine Übersicht über Theorie und Praxis
| Otros Autores: | |
|---|---|
| Tipo de documento: | Print Libro |
| Lenguaje: | Alemán |
| Publicado: |
Berlin
Dt. AIDS-Hilfe
1994
|
| En: |
Aids-Forum DAH (14)
Año: 1994 |
| Acceso en línea: |
Table of Contents (kostenfrei) |
| Disponibilidad en Tübingen: | Disponible en Tübingen. IFK: P IV 366 |
| Verificar disponibilidad: | HBZ Gateway |
| Servicio de pedido Subito: | Pedir ahora. |
| Volúmenes / Artículos: | Mostrar volumes / artículos. |
| Palabras clave: |
MARC
| LEADER | 00000cam a22000002c 4500 | ||
|---|---|---|---|
| 001 | 1125252847 | ||
| 003 | DE-627 | ||
| 005 | 20260117113202.0 | ||
| 007 | tu | ||
| 008 | 961104s1994 xx ||||| 00| ||ger c | ||
| 015 | |a 95,B02,0464 |2 dnb | ||
| 016 | 7 | |a 942885511 |2 DE-101 | |
| 020 | |a 393042505X |9 3-930425-05-X | ||
| 035 | |a (DE-627)1125252847 | ||
| 035 | |a (DE-576)055252842 | ||
| 035 | |a (DE-599)DNB942885511 | ||
| 035 | |a (OCoLC)246657566 | ||
| 040 | |a DE-627 |b ger |c DE-627 |e rakwb | ||
| 041 | |a ger | ||
| 245 | 0 | 0 | |a Infektionsprophylaxe im Strafvollzug |b eine Übersicht über Theorie und Praxis |c Heino Stöver (Hrsg.). [Red.: Klaus-Dieter Beisswenger] |
| 263 | |a kart. | ||
| 264 | 1 | |a Berlin |b Dt. AIDS-Hilfe |c 1994 | |
| 300 | |a 143 S. | ||
| 336 | |a Text |b txt |2 rdacontent | ||
| 337 | |a ohne Hilfsmittel zu benutzen |b n |2 rdamedia | ||
| 338 | |a Band |b nc |2 rdacarrier | ||
| 490 | 1 | |a AIDS-Forum DAH |v 14 | |
| 500 | |a Literaturangaben | ||
| 583 | 1 | |a Archivierung prüfen |c 20250927 |f DE-640 |z 3 |2 pdager | |
| 700 | 1 | |a Stöver, Heino |d 1956- |e Hrsg. |0 (DE-588)111736757 |0 (DE-627)480391203 |0 (DE-576)167445790 |4 edt | |
| 810 | 2 | |a Deutsche Aidshilfe e.V. |t Aids-Forum DAH |v 14 |9 14 |w (DE-627)238198650 |w (DE-576)9238198659 |w (DE-600)1407838-7 |x 0937-1931 |7 am | |
| 856 | 4 | 2 | |u http://www.gbv.de/dms/spk/sbb/recht/toc/275326284.pdf |x Verlag |z kostenfrei |3 Inhaltsverzeichnis |7 0 |
| 951 | |a BO | ||
| ELC | |b 1 | ||
| LOK | |0 000 xxxxxcx a22 zn 4500 | ||
| LOK | |0 001 266634309X | ||
| LOK | |0 003 DE-627 | ||
| LOK | |0 004 1125252847 | ||
| LOK | |0 005 20110303124726 | ||
| LOK | |0 008 110303||||||||||||||||ger||||||| | ||
| LOK | |0 040 |a DE-21-110 |c DE-627 |d DE-21-110 | ||
| LOK | |0 689 |a s |a Strafvollzug | ||
| LOK | |0 689 |a s |a AIDS | ||
| LOK | |0 689 |a s |a Drogen | ||
| LOK | |0 852 |a DE-21-110 | ||
| LOK | |0 852 1 |c P IV 366 |m p |9 00 | ||
| LOK | |0 938 |k p | ||
| LOK | |0 939 |a 03-03-11 |b l01 | ||
| ORI | |a SA-MARC-krimdoka001.raw | ||
| SIG | |a IFK: P IV 366 | ||
| SPR | |a 1 |t KRI | ||
